Enciclopedia del lenguaje de la Universidad de Cambridge / (Record no. 10483)

MARC details
000 -LEADER
campo de control de longitud fija 00869nam a2200277 i 4500
001 - NÚMERO DE CONTROL
campo de control 10483
003 - IDENTIFICADOR DE NÚMERO DE CONTROL
campo de control ES-MaACL
005 - FECHA Y HORA DE LA ÚLTIMA TRANSACCIÓN
campo de control 20250316180156.0
007 - CAMPO FIJO DE DESCRIPCIÓN FÍSICA--INFORMACIÓN GENERAL
campo de control de longitud fija t|
008 - DATOS DE LONGITUD FIJA--INFORMACIÓN GENERAL
campo de control de longitud fija 950705s1994 sp a e |||| | spa d
020 ## - NÚMERO INTERNACIONAL ESTÁNDAR DEL LIBRO
Número Internacional Estándar del Libro 84-306-0171-6
080 ## - NÚMERO DE LA CLASIFICACIÓN DECIMAL UNIVERSAL
Número de la Clasificación Decimal Universal 41.01(032)
100 1# - ENTRADA PRINCIPAL--NOMBRE DE PERSONA
Nombre de persona Crystal, David.
9 (RLIN) 41868
245 10 - MENCIÓN DEL TÍTULO
Título Enciclopedia del lenguaje de la Universidad de Cambridge /
Mención de responsabilidad, etc. David Crystal ; edición española dirigida por Juan Carlos Moreno Cabrera.
260 ## - PUBLICACIÓN, DISTRIBUCIÓN, ETC.
Lugar de publicación, distribución, etc. Madrid :
Nombre del editor, distribuidor, etc. Taurus,
Fecha de publicación, distribución, etc. 1994.
300 ## - DESCRIPCIÓN FÍSICA
Extensión IX, 475 p. :
Otras características físicas il. ;
Dimensiones 28 cm.
500 ## - NOTA GENERAL
Nota general Índices.
504 ## - NOTA DE BIBLIOGRAFÍA, ETC.
Nota de bibliografía, etc. Bibliografía: p. 450-455.
650 #4 - PUNTO DE ACCESO ADICIONAL DE MATERIA--TÉRMINO DE MATERIA
Término de materia o nombre geográfico como elemento de entrada Lenguaje-
Subdivisión de forma Enciclopedias.
9 (RLIN) 168710
650 #4 - PUNTO DE ACCESO ADICIONAL DE MATERIA--TÉRMINO DE MATERIA
Término de materia o nombre geográfico como elemento de entrada Lingüística
9 (RLIN) 14463
700 1# - ENTRADA AGREGADA--NOMBRE PERSONAL
Nombre de persona Moreno Cabrera, Juan Carlos.
9 (RLIN) 83335
710 00 - ENTRADA AGREGADA--NOMBRE DE ENTIDAD CORPORATIVA
Nombre de entidad corporativa o nombre de jurisdicción como elemento de entrada University of Cambridge.
9 (RLIN) 7505
852 ## - LOCALIZACIÓN
Ubicación ES-MaACL
Número de control de estantería L-17844
942 ## - ELEMENTOS DE ENTRADA SECUNDARIOS (KOHA)
Fuente del sistema de clasificación o colocación Clasificación decimal universal
Holdings
Estatus retirado Estado de pérdida Estado de daño No para préstamo Colección Biblioteca de origen Biblioteca actual Ubicación en estantería Fecha de adquisición Fuente de adquisición Total de préstamos Signatura topográfica completa Código de barras Visto por última vez Precio de reemplazo Tipo de ítem Koha
        Colección de referencia Biblioteca del Ateneo de Madrid Biblioteca del Ateneo de Madrid Depósito 2 17/01/2008     L-17844 1010693 23/02/2023 23/02/2023 Libro impreso